Mixed Word: Grow 'N' Up Quiz Stats

 Plays Quiz Updated Apr 16, 2012

Support Sporcle.
Go Orange.
Score 0/14 Timer 03:00
2 Plays Today
Scramble Word % Correct
ONNO
100%
GNANAG
99.6%
TNXENEXT
99.1%
THINGNIGHT
92.2%
REBUMNNUMBER
91.9%
HINTGONNOTHING
79.4%
TONHIWTTANSDNIGNOTWITHSTANDING
57.7%
Scramble Word % Correct
BONKTOEONOTEBOOK
56.1%
SWAPREPNENEWSPAPER
49.8%
NITALYTIAONNATIONALITY
36.8%
SRIUTNUIOTNUTRITIOUS
34.4%
STRIACICSNSINARCISSISTIC
22.1%
LITNIEGGLYIBINEGLIGIBILITY
10.2%
RALNIZETIOUNATNEUTRALIZATION
7.8%

From the Vault

'Hot' Things

by babymonkee

Get 100% and you might feel like a hotshot.
Remove Ads.
Support Sporcle.
Get the best of Sporcle when you Go Orange. This ad-free experience offers more features, more stats, and more fun while also helping to support Sporcle. Thank you for becoming a member.

Show Comments

Extras

Top Quizzes Today


Score Distribution

Your Account Isn't Verified!

In order to create a playlist on Sporcle, you need to verify the email address you used during registration. Go to your Sporcle Settings to finish the process.

Report this User

Report this user for behavior that violates our Community Guidelines.

Details: